000 002520000a22000970004500
100 1 _aHinton, Keith W.
245 1 0 _aIn Singapore, christians witness through kiship networks
300 _aNúm 8 (1985), Páginas 27-28
773 0 _tTogether
942 _cANA
999 _c56979
_d56979